000 01809nam a2200349 a 4500
001 000001965
003 DO-SdBNP
005 20260319120903.0
008 090630s2000 dr 000 0 spa d
020 _a9993424013
040 _aDO-SdBNP
_bspa
_cBNPHU
082 _a323.6
_bP221n
245 0 0 _aPara una nueva ciudadania en América Latina :
_baportes desde la educación en derechos humanos /
_cedición Raymundo González.
260 _aSanto Domingo :
_bCentro Cultural Poveda,
_c2000.
300 _a222 p. ;
_c21 cm.
500 _aPonencias presentadas en el II Seminario Internacional "Globalización, identidades culturales y reformas educativas : retos para la educación en derechos humanos", organizado por el Centro Poveda, Novamérica y Yachay Tinkuy, 30-31 de marzo de 2000, Santo Domingo, República Dominicana.
500 _aEdición financiada por la Fundación W. K. Kellog
504 _aIncluye referencias bibliográficas y notas al pie de las páginas
505 2 _aGlobalización y derechos humanos -- Educación ciudadana y derechos humanos -- Identidades culturales y movimientos sociales -- Experiencias.
590 _aInventariado, 2018/BT
650 4 _aEducacion para los derechos humanos
_vCongresos, conferencias, etc.
_96368
650 4 _aDerechos humanos
_zAmerica Latina
_vCongresos, conferencias, etc.
_96369
650 0 _aDerechos políticos
_zAmérica Latina
_vCongresos, conferencias, etc.
_948437
650 4 _aEducacion
_zAmérica Latina
_vCongresos, conferencias, etc.
_96371
650 0 _aCiudadanía
_96372
700 _aGonzález, Raymundo
_eed.
_96373
710 2 2 _aCentro Cultural Poveda.
_96374
710 2 2 _aProjeto Novaméica (Brazil).
_96375
710 2 2 _aYachay Tinkuy
_96376
910 _aValidado. Control de calidad. MMOLINA
942 _2ddc
_cLBS1
999 _c1831
_d1831